000 00306nam a2200121Ia 4500
008 190216s9999||||xx |||||||||||||| ||und||
100 _a"Stake M,Mido I"
245 0 _aIntroduction To Nuclear Chemistry
260 _b"Discovery Publishing House, Delhi"
300 _a233
650 _aChemistry
942 _cBK
999 _c3296
_d3296